Co to za kraj(Niemożliwy) - Statystyki

Ogólne statystyki
  • Ten quiz został rozwiązany 98 razy
  • Średni wynik to 5 z 15
Statystyki odpowiedzi
Zagadnienie Odpowiedź % Poprawnych
Ten kraj słynie z posiadania jednych z najpotężniejszych wodospadów na świecie, które 5-krotnie przewyższają wodospady Niagara. Co to za kraj? Gujana
75%
Ten kraj to jedyne niemieckojęzyczne państwo nie graniczące z Niemcami. Co to za kraj? Lichtenstein
75%
Najdłuższy i najgłębszy fiord tego kraju to Sognefjorden, który mierzy aż 205 km. Co to za kraj? Norwegia
75%
Ten kraj jest pierwszym afrykańskim krajem, który dotarł do ćwierćfinału w piłkarskich Mistrzostwach Świata. Co to za kraj? Kamerun
50%
Jest to najbardziej rozległy kraj Oceanii. W jego skład wchodzą trzy grupy wysp: Line, Phoenix i Gilberta. Co to za kraj? Kiribati
50%
Ten kraj był znany jako „Szwajcaria Wschodu” ze względu na swą potęgę finansową. Co to za kraj? Liban
50%
W tym kraju stworzono pierwsze na świecie tzw. rekinie sanktuarium, zakazujące całkowicie połowów tych zwierząt na swoich wodach o powierzchnia około 600 tys. km kwadratowych. Co to za kraj? Palau
25%
Narodowa potrawą tego kraju jest „lap – lap”. Kasza z warzywami gotowana jest w mleku kokosowym. Może być pikantna lub słodka. Co to za kraj? Vanuatu
25%
Na terenie tego kraju znajduje się Balaton czyli największe europejskie jezioro. Balaton słynie ze wspaniałych widoków, jest również doskonale zagospodarowany turystycznie. Przy balatońskich plażach znajdziemy mnóstwo pól kempingowych, hoteli, lokalów gastronomicznych oraz miejsc rozrywkowych dla całej rodziny. Co to za kraj? Węgry
25%
W kraju tym popularne są automaty dla wędkarzy. Można w nich kupić żywą przynętę razem z haczykami i żyłkami. Co to za kraj? Wielka Brytania
25%
W tym kraju jest 13 świętych Mikołajów. Co to za kraj? Islandia
0%
To pierwszy kraj na świecie, który ma pełny dostęp do bezprzewodowego Internetu szerokopasmowego. W 2006 r. jako pierwszy kraj na świecie, po tym jak stał się częścią zaawansowanego technologicznie projektu, miał pełny dostęp do bezprzewodowego łącza szerokopasmowego. Co to za kraj? Macedonia północna
0%
Nasi lemak to jedno z dań kuchni tego kraju. Jego główną bazą jest ryż gotowany w mleku kokosowym z dodatkiem liści pandana. Do ryżu dodaje się przeróżne dodatki - pasta chili, ogórki, anchois. Ważnym elementem jest mięso. Najczęściej jest to smażony kurczak lub ryba. Tak przyrządzone danie serwowane jest w misce bądź liściu bananowca. Co to za kraj? Malezja
0%
Dwie trzecie tego kraju znajduje się w dorzeczu rzeki Ubangi która wpływa do Konga, natomiast pozostała jedna trzecia leży w dorzeczu Czaru, który wpływa do jeziora Czad. Republika srodkowoafrykanska
0%
W tym kraju jest największy na świecie kieliszek o pojemności ponad 56 litrów. Co to za kraj? Ukraina
0%
Nie znaleziono quizów pasujących do podanych kryteriów
Rozkład punktacji
Procent ludzi z każdym wynikiem
Percentyl według liczby udzielonych odpowiedzi
Twoja historia wyników
Nie rozwiązałeś tego quizu